Intézményi- és magángyűjtemények 1589-1750 könyvjegyzékek bibliográfiája

Elmentve itt :
Bibliográfiai részletek
További közreműködők: Monok István
Zvara Edina
Keveházi Katalin
Dokumentumtípus: Könyv
Megjelent: Scriptum Rt. Szeged 2001
Sorozat:Könyvtártörténeti füzetek 11.
Kulcsszavak:Magánkönyvtár - Magyarország - 16-18. sz. - lelőhelyjegyzék
Online Access:http://misc.bibl.u-szeged.hu/29069
LEADER 00758nam a2200205 i 4500
001 misc29069
005 20200325152402.0
008 180103s2001 hu o 0|| hun d
020 |a 963-941-113-2 
040 |a SZTE Miscellanea Repozitórium  |b hun 
041 |a hun 
245 0 0 |a Intézményi- és magángyűjtemények 1589-1750   |h [elektronikus dokumentum] :  |b könyvjegyzékek bibliográfiája 
260 |a Scriptum Rt.  |b Szeged  |c 2001 
300 |a XVIII, 143 p.  |c 14x20 cm 
490 0 |a Könyvtártörténeti füzetek  |v 11. 
695 |a Magánkönyvtár - Magyarország - 16-18. sz. - lelőhelyjegyzék 
700 0 1 |a Monok István 
700 0 1 |a Zvara Edina 
700 0 1 |a Keveházi Katalin 
856 4 0 |u http://misc.bibl.u-szeged.hu/29069/1/ktf_011.pdf  |z Dokumentum-elérés